000 00661nam a2200193Ia 4500
003 LDD
008 190117s9999 xx 000 0 und d
020 _a9788189918316
_c₹250
040 _cLDD
041 _ahi
082 _a8H1.71 मौ632पृ
100 _aमौर्या, शिरीष कुमार
245 0 _aपृथ्वी पर एक जगह
_cशिरीष कुमार मौर्या
260 _aदिल्ली
_bशिल्पायन
_c2010
300 _a214p.
901 _aVANI
904 _aReqst by : Jitendra Kumar Srivasta
942 _2ddc
_cH
999 _c167554
_d167554